| 000 | 00464nam a2200193Ia 4500 | ||
|---|---|---|---|
| 008 | 170918s9999 xx 000 0 und d | ||
| 020 | _a9780439451659 | ||
| 050 | _bB496 2000 | ||
| 100 | _aBerger, Samantha | ||
| 245 | _aIt's spring! / | ||
| 245 | _cSamantha Berger and Pamela Chanko. | ||
| 260 | _aNew York : | ||
| 260 | _bScholastic, | ||
| 260 | _c2000 | ||
| 300 | _aunpaged : | ||
| 300 | _bcolored illustration ; | ||
| 300 | _c23cm. | ||
| 500 | _a310 | ||
| 999 |
_c341214 _d341214 |
||